00793nam a2200217Ia 4500003000900000008004100009020001800050040001600068080001900084245012400103260004400227300001500271490003000286650001800316650004100334650002200375700003200397942000700429999001500436952012400451IN-BaIIA211028s9999 xx 000 0 eng d a3-7186-4841-5 cIIA Library a047.1:524bSYU 0aAstrophysics and space physics reviewsbvol. 6, pt. 1-5cedited by R. A. Syunyaev  aLondonHarwood Academic Publishersc1988 aiii, 575p. aSoviet scientific reviews aAstronomy980 aAstronomy and Astrophysics thesaurus aAstrophysics9794 aSyunyaev, R. A. ed.,916614 cBK c9810d9810 00104070aBANbBANcGENd0000-00-00g4254.00l0o047.1:524/ SYUp10720r2021-11-05v4254.00w0000-00-00yBKGRs. 4254